| 000 | 01242cam a2200229 4500 | ||
|---|---|---|---|
| 001 | ##L135275 | ||
| 008 | 061010n2006 000 0 eng u | ||
| 035 | _a(Sirsi) u135275 | ||
| 041 | 0 | _aeng | |
| 050 | 0 | 4 | _a332.6324 $2 18 |
| 110 | 2 |
_aParagon Mortgages _94976 |
|
| 245 | 0 | 0 | _aParagon Mortgages buy-to-let index |
| 260 |
_aSolihull _bParagon Mortgages _c2006 |
||
| 490 | 0 | _aParagon Mortgages Buy-to-Let Index | |
| 520 | _aProvides a statistical analysis of the buy-to-let-market: Highlights, averages, rental yield average for England and Wales, property value and rental income average for England and Wales, landlord property value, rental value, yield and percentage change by region, landlord property yields by region, landlord property values by region, landlord rental incomes by region, landlord property value, rental value, yield and percentage change by property type. | ||
| 520 | _aPublication of the index ceased July 2008. | ||
| 650 | 2 | 4 | _aPARAGON MORTGAGES BUY-TO-LET INDEX |
| 651 | 4 |
_aEngland and Wales _y1543- |
|
| 690 | _aPROPERTY-RESIDENTIAL PROPERTY-RESIDENTIAL PROPERTY MARKET | ||
| 856 | 4 | 0 |
_uhttps://www.paragon-mortgages.co.uk/ _zView the index free of charge at www.paragon-mortgages.co.uk... |
| 942 | _n0 | ||
| 999 |
_c105976 _d105976 |
||